Eastern Utah Libraries Catalog: Duchesne, Heber, Roosevelt, & Vernal

Redwall / (Record no. 24204)

MARC details
000 -LEADER
fixed length control field 01131cam a2200313 a 4500
003 - CONTROL NUMBER IDENTIFIER
control field XX-XxUND
005 - DATE AND TIME OF LATEST TRANSACTION
control field 20241220112445.0
008 - FIXED-LENGTH DATA ELEMENTS--GENERAL INFORMATION
fixed length control field 020410t20001987nyua c 000 1 eng d
001 - CONTROL NUMBER
control field in900077422
010 ## - LIBRARY OF CONGRESS CONTROL NUMBER
Canceled/invalid LC control number 97226680
020 ## - INTERNATIONAL STANDARD BOOK NUMBER
International Standard Book Number 0399236295 (pbk.) :
Terms of availability $12.99
035 ## - SYSTEM CONTROL NUMBER
System control number (Sirsi) i9780399236297
040 ## - CATALOGING SOURCE
Original cataloging agency Ingram
Transcribing agency Ingram
050 #4 - LIBRARY OF CONGRESS CALL NUMBER
Classification number PZ7.J5317
Item number Ng 2000
082 04 - DEWEY DECIMAL CLASSIFICATION NUMBER
Classification number [Fic]
Edition number 21
082 ## - DEWEY DECIMAL CLASSIFICATION NUMBER
Classification number JAC
092 ## - LOCALLY ASSIGNED DEWEY CALL NUMBER (OCLC)
Classification number JAC
100 1# - MAIN ENTRY--PERSONAL NAME
Personal name Jacques, Brian.
9 (RLIN) 23887
245 10 - TITLE STATEMENT
Title Redwall /
Statement of responsibility, etc Brian Jacques ; illustrated by Troy Howell.
250 ## - EDITION STATEMENT
Edition statement 1st American trade pbk. ed.
260 ## - PUBLICATION, DISTRIBUTION, ETC. (IMPRINT)
Place of publication, distribution, etc New York :
Name of publisher, distributor, etc Philomel Books,
Date of publication, distribution, etc 2000, 1987.
300 ## - PHYSICAL DESCRIPTION
Extent 351 p. :
Other physical details ill. (some col.) ;
Dimensions 24 cm.
500 ## - GENERAL NOTE
General note A tale of Redwall.
520 ## - SUMMARY, ETC.
Summary, etc When the peaceful life of ancient Redwall Abbey is shattered by the arrival of the evil rat Cluny and his villainous hordes, Matthias, a young mouse, determines to find the legendary sword of Martin the Warrior which, he is convinced, will help Redwall's inhabitants destroy the enemy.
700 1# - ADDED ENTRY--PERSONAL NAME
Personal name Howell, Troy,
9 (RLIN) 5379
942 ## - ADDED ENTRY ELEMENTS (KOHA)
Koha item type BOOK
979 ## -
-- 384195
998 ## - LOCAL CONTROL INFORMATION (RLIN)
-- a50082
Holdings
Withdrawn status Lost status Source of classification or shelving scheme Damaged status Not for loan Collection code Home library Current library Shelving location Date acquired Source of acquisition Serial Enumeration / chronology Total Checkouts Full call number Barcode Date last seen Cost, replacement price Price effective from Koha item type
    Dewey Decimal Classification     Young Adult Fiction Wasatch County Library Wasatch County Library Main Floor Teen Area 02/05/2026 Donation #1 Redwall   YA Jacques 34301002178608 02/05/2026 8.99 02/05/2026 BOOK
This project was made possible through a grant from the Institute of Museum and Library Service administered by the Utah State Library Division.

Wasatch County Library

  • 465 East 1200 South, Heber City, Utah 84032
  • Phone 435-654-1511 | Fax 435-654-6456

Hours

  • Monday - Friday 9:30 AM - 8:00 PM
  • Saturday 9:30 AM - 1:30 PM
  • Closed Sundays and Holidays